Concelhos de Portugal começados por C - Statistics

Estatísticas Gerais
  • Esse quiz foi jogado 50 vezes
  • A pontuação média é 23 de 33
Estatísticas das Respostas
Concelhos % Correto
Coimbra
93%
Castelo Branco
86%
Celorico de Basto
83%
Carrazeda de Ansiães
79%
Castelo de Vide
79%
Celorico da Beira
79%
Cantanhede
76%
Cascais
76%
Castro Daire
76%
Cadaval
72%
Calheta (Açores)
72%
Calheta (Madeira)
72%
Castro Verde
72%
Cinfães
72%
Castro Marim
69%
Condeixa-a-Nova
69%
Coruche
69%
Covilhã
69%
Cabeceiras de Basto
66%
Caminha
66%
Castelo de Paiva
66%
Cuba
66%
Caldas da Rainha
62%
Câmara de Lobos
62%
Cartaxo
62%
Chaves
62%
Crato
62%
Carregal do Sal
59%
Castanheira de Pêra
59%
Constância
59%
Chamusca
55%
Campo Maior
48%
Corvo
45%
Nenhum quiz correspondente encontrado
Distribuição das Pontuações
Porcentagem de Pessoas com Cada Pontuação
Percentil de Números Respondidos
Sua Pontuação Histórica
Você não jogou esse quiz